Normal view MARC view
  • BANKS AND BANKING, MOBILE

Entry Topical Term

Number of records used in: 4

001 - CONTROL NUMBER

  • control field: 3011

003 - CONTROL NUMBER IDENTIFIER

  • control field: CBULib

005 - DATE AND TIME OF LATEST TRANSACTION

  • control field: 20240626084146.0

008 - FIXED-LENGTH DATA ELEMENTS

  • fixed length control field: 240626|| aca||babn | a|a d

040 ## - CATALOGING SOURCE

  • Original cataloging agency: CBULib

150 ## - HEADING--TOPICAL TERM

  • Topical term or geographic name entry element: BANKS AND BANKING, MOBILE